| 000 | 01222cam a22003497a 4500 | ||
|---|---|---|---|
| 003 | CHAP | ||
| 005 | 20220817043632.0 | ||
| 008 | 000313d1995 mx r 00110 spa d | ||
| 010 | _a80296 | ||
| 011 | _a81268 | ||
| 035 | _a91735 | ||
| 040 | _cCHAP | ||
| 090 | _aFolleto 15216 | ||
| 110 | 1 |
_aOrganización para la Cooperación y el Desarrollo Económicos. París _983559 |
|
| 245 | 1 | 0 |
_aDonor assistance to capacity development in environment _c/by OECD |
| 260 |
_aParis : _bOrganización paraa la Cooperación y el Desarrollo Económico, _c1995. |
||
| 300 | _a12 p. | ||
| 410 | 2 | _aOrganización para la Cooperación y el Desarollo Económico | |
| 490 | 0 | _aGuidelines series | |
| 500 | _aed. bilingüe | ||
| 590 |
_aBATCH-UPD _b10 _c20130110 _lUCH01 _h2023 |
||
| 590 |
_aBATCH-UPD _b10 _c20130410 _lUCH01 _h1341 |
||
| 590 |
_aBATCH-UPD _b10 _c20130914 _lUCH01 _h1159 |
||
| 590 |
_aCONVERSION _b10 _c20130109 _lUCH01 _h1345 |
||
| 650 | 1 | 4 | _aDesarrollo sustentable. |
| 810 | 0 | 0 |
_aOrganización para la Cooperación y el Desarollo Económico _983558 |
| 830 | 0 | 0 |
_aGuidelines series _951352 |
| 901 | _aBK | ||
| 905 | _aGuadalupe Pinto C. | ||
| 942 | _cFOLL | ||
| 949 |
_aFolleto 15216 _bBC _cFOLL _d917351 _eTS1 _i91735 _sb |
||
| 999 |
_c80296 _d80296 |
||